[Event "Gachantiva op 9th"]
[Site "Gachantiva"]
[Date "2019.06.22"]
[Round "3"]
[White "Corredor Castellanos, Camilo"]
[Black "Sanz Alonso, Francisco Javier"]
[Result "1/2-1/2"]
[WhiteElo "2004"]
[BlackElo "2363"]
[PlyCount "78"]
[EventDate "2019.06.21"]
[EventType "swiss"]
[EventRounds "7"]
[EventCountry "COL"]
[SourceTitle "CBM 191 Extra"]
[Source "ChessBase"]
[SourceDate "2019.09.30"]
[SourceVersion "1"]
[SourceVersionDate "2019.09.30"]
[SourceQuality "1"]

1. d4 Nf6 2. c4 g6 3. Nc3 d5 4. cxd5 Nxd5 5. e4 Nxc3 6. bxc3 Bg7 7. Nf3 0-0 8. Be3 c5 9. Be2 cxd4 10. cxd4 Qa5+ 11. Qd2 Qxd2+ 12. Kxd2 Nc6 13. Rhd1 Bg4 14. Ke1 Rfd8 15. Rab1 Bxf3 16. gxf3 Nxd4 17. Bxd4 Bxd4 18. Rxb7 Bc3+ 19. Kf1 Rxd1+ 20. Bxd1 Kf8 21. Kg2 Rd8 22. Bb3 Bd4 23. Rc7 Bb6 24. Rc2 g5 25. Rc1 Kg7 26. Rd1 Rc8 27. Rd5 h6 28. f4 gxf4 29. Rf5 e6 30. Rxf4 Rd8 31. Rg4+ Kf6 32. f4 Rd2+ 33. Kh3 Re2 34. e5+ Kf5 35. Rh4 Bg1 36. Rxh6 Kxf4 37. Rf6+ Kxe5 38. Rxf7 Rxh2+ 39. Kg3 Rh6 1/2-1/2

[Event "Gachantiva op 9th"]
[Site "Gachantiva"]
[Date "2019.06.22"]
[Round "2"]
[White "Sanz Alonso, Francisco Javier"]
[Black "Corredor Reyes, Jose Bernardino"]
[Result "1-0"]
[WhiteElo "2363"]
[BlackElo "1727"]
[PlyCount "77"]
[EventDate "2019.06.21"]
[EventType "swiss"]
[EventRounds "7"]
[EventCountry "COL"]
[SourceTitle "CBM 191 Extra"]
[Source "ChessBase"]
[SourceDate "2019.09.30"]
[SourceVersion "1"]
[SourceVersionDate "2019.09.30"]
[SourceQuality "1"]

1. e4 e5 2. Nf3 Nc6 3. d4 exd4 4. Nxd4 Bc5 5. Be3 Qf6 6. Nb5 Bb4+ 7. N1c3 Bxc3+ 8. bxc3 Qd8 9. Qg4 g6 10. Qg3 d6 11. Bd3 a6 12. Nd4 Ne5 13. Be2 c5 14. Nb3 f6 15. 0-0-0 Be6 16. f4 Nc6 17. Nxc5 Bxa2 18. Nxb7 Qc7 19. Nxd6+ Kf8 20. Bc5 Nge7 21. Qh4 Kg7 22. e5 Rhf8 23. Ne4 Kh8 24. Nxf6 Nf5 25. Rd7 Qxd7 26. Nxd7 Nxh4 27. Nxf8 Rb8 28. Rf1 Rd8 29. c4 Na5 30. e6 Nf5 31. g4 Ng7 32. f5 gxf5 33. gxf5 Bxc4 34. Bxc4 Nxc4 35. f6 Ne8 36. f7 Ng7 37. e7 Rc8 38. Bd4 Nd6 39. Ne6 1-0

[Event "Bogota Millonario op"]
[Site "Bogota"]
[Date "2015.12.21"]
[Round "6"]
[White "Sanz Alonso, Francisco Javier"]
[Black "Cori Tello, Deysi Estella"]
[Result "1/2-1/2"]
[WhiteElo "2365"]
[BlackElo "2425"]
[PlyCount "74"]
[EventDate "2015.12.18"]
[EventType "swiss"]
[EventRounds "9"]
[EventCountry "COL"]
[SourceTitle "EXT 2017"]
[Source "ChessBase"]
[SourceDate "2016.10.25"]
[SourceVersion "1"]
[SourceVersionDate "2016.10.25"]
[SourceQuality "1"]

1. e4 e6 2. d4 d5 3. Nc3 a6 4. Nf3 Nf6 5. Bd3 Be7 6. 0-0 dxe4 7. Nxe4 Nbd7 8. Qe2 0-0 9. Bg5 Re8 10. Rad1 Nxe4 11. Bxe7 Qxe7 12. Qxe4 Nf6 13. Qh4 h6 14. c3 b6 15. Ne5 Bb7 16. f4 c5 17. f5 cxd4 18. cxd4 Rad8 19. Bc4 Bd5 20. Bxa6 exf5 21. Rxf5 Bxa2 22. Bb5 Rf8 23. Ng4 Nd5 24. Qxe7 Nxe7 25. Re5 Ng6 26. Re3 Rd5 27. Bf1 Rfd8 28. Ra3 Rxd4 29. Rxd4 Rxd4 30. Nxh6+ gxh6 31. Rxa2 Rd2 32. Ra8+ Kg7 33. b4 Nf4 34. Rb8 Rb2 35. Rxb6 Nd5 36. Rd6 Ne3 37. Rd3 Nxf1 1/2-1/2

[Event "Bogota Millonario op"]
[Site "Bogota"]
[Date "2015.12.19"]
[Round "3"]
[White "Sanz Alonso, Francisco Javier"]
[Black "Navia Alvarez, Edwin Adrian"]
[Result "1-0"]
[WhiteElo "2365"]
[BlackElo "2098"]
[PlyCount "77"]
[EventDate "2015.12.18"]
[EventType "swiss"]
[EventRounds "9"]
[EventCountry "COL"]
[SourceTitle "EXT 2017"]
[Source "ChessBase"]
[SourceDate "2016.10.25"]
[SourceVersion "1"]
[SourceVersionDate "2016.10.25"]
[SourceQuality "1"]

1. e4 c5 2. Nf3 d6 3. d4 cxd4 4. Nxd4 Nf6 5. Nc3 a6 6. Bc4 e6 7. Bb3 Nc6 8. Be3 Qc7 9. f4 Na5 10. Qd3 b5 11. f5 e5 12. Nde2 Bb7 13. Ng3 Rc8 14. 0-0 h5 15. Nd5 Bxd5 16. exd5 Nc4 17. Rab1 Nxd5 18. Bg5 Ndb6 19. f6 g6 20. Kh1 d5 21. c3 Bd6 22. Rfe1 Kf8 23. Nf1 h4 24. Bd1 h3 25. gxh3 e4 26. Qc2 Bf4 27. Qg2 Bxg5 28. Qxg5 Qe5 29. Qg2 Rc6 30. Bg4 Rxf6 31. Rbd1 Rf4 32. b3 Nd6 33. Qg1 f5 34. Qxb6 fxg4 35. Qc5 Rh5 36. Ne3 Rf2 37. Nxg4 Rxh2+ 38. Nxh2 Rxh3 39. Re2 1-0

[Event "Bogota Millonario op"]
[Site "Bogota"]
[Date "2015.12.18"]
[Round "2"]
[White "Garcia Alarcon, Alvaro"]
[Black "Sanz Alonso, Francisco Javier"]
[Result "1/2-1/2"]
[WhiteElo "2145"]
[BlackElo "2365"]
[PlyCount "77"]
[EventDate "2015.12.18"]
[EventType "swiss"]
[EventRounds "9"]
[EventCountry "COL"]
[SourceTitle "EXT 2017"]
[Source "ChessBase"]
[SourceDate "2016.10.25"]
[SourceVersion "1"]
[SourceVersionDate "2016.10.25"]
[SourceQuality "1"]

1. d4 d5 2. Nf3 Nf6 3. c4 c6 4. Nc3 dxc4 5. a4 Bf5 6. e3 e6 7. Bxc4 Bb4 8. 0-0 0-0 9. h3 h6 10. Qe2 Ne4 11. Nxe4 Bxe4 12. Bd3 Qd5 13. Bxe4 Qxe4 14. Ne5 Rd8 15. Qh5 Qf5 16. Qxf5 exf5 17. Nd3 a5 18. b3 Bf8 19. Ba3 Bxa3 20. Rxa3 Ra6 21. Rc1 Nd7 22. Rc4 Rb6 23. b4 Ra8 24. Rb3 axb4 25. Rcxb4 Rxb4 26. Rxb4 Ra7 27. f3 Kf8 28. Kf2 Ke7 29. g4 fxg4 30. hxg4 Kd6 31. e4 Kc7 32. Ke3 g5 33. Nc5 Nxc5 34. dxc5 Kd7 35. e5 Ke6 36. Ke4 Ra5 37. Kd4 Ra7 38. Rc4 Ra8 39. Ke4 1/2-1/2

[Event "Bolivar Ganador Cup 1st"]
[Site "Cartagena"]
[Date "2015.09.17"]
[Round "5"]
[White "Sanz Alonso, Francisco Javier"]
[Black "Alvarez Pedraza, Aramis"]
[Result "0-1"]
[WhiteElo "2372"]
[BlackElo "2467"]
[PlyCount "82"]
[EventDate "2015.09.15"]
[EventType "swiss"]
[EventRounds "5"]
[EventCountry "COL"]
[SourceTitle "EXT 2016"]
[Source "ChessBase"]
[SourceDate "2015.10.08"]
[SourceVersion "1"]
[SourceVersionDate "2015.10.08"]
[SourceQuality "1"]

1. e4 e5 2. Nf3 Nc6 3. Bb5 a6 4. Ba4 Nf6 5. 0-0 Be7 6. Re1 b5 7. Bb3 0-0 8. h3 d6 9. c3 Nb8 10. d4 Nbd7 11. Nbd2 Bb7 12. Bc2 Re8 13. Nf1 Bf8 14. Ng3 g6 15. a4 c5 16. d5 c4 17. Nh2 h5 18. Bg5 Be7 19. f4 exf4 20. Bxf4 h4 21. Ne2 Nh5 22. Be3 Bg5 23. Bf2 bxa4 24. Rxa4 Rc8 25. Nf3 Bf6 26. Ra2 Nc5 27. Ned4 Ng3 28. Bxg3 hxg3 29. Qd2 Rc7 30. Qf4 Be5 31. Qg4 Bc8 32. Qg5 Qxg5 33. Nxg5 Bxd4+ 34. cxd4 Nd3 35. Re3 f6 36. Ba4 Ree7 37. Nf3 Bb7 38. Bc6 Bxc6 39. dxc6 Rxc6 40. Nd2 Kg7 41. Rxg3 Nc1 0-1

[Event "Bolivar Ganador Cup 1st"]
[Site "Cartagena"]
[Date "2015.09.16"]
[Round "2"]
[White "Sanz Alonso, Francisco Javier"]
[Black "Barrientos Chavarriaga, Sergio E"]
[Result "0-1"]
[WhiteElo "2372"]
[BlackElo "2456"]
[PlyCount "121"]
[EventDate "2015.09.15"]
[EventType "swiss"]
[EventRounds "5"]
[EventCountry "COL"]
[SourceTitle "EXT 2016"]
[Source "ChessBase"]
[SourceDate "2015.10.08"]
[SourceVersion "1"]
[SourceVersionDate "2015.10.08"]
[SourceQuality "1"]

1. e4 c5 2. Nf3 d6 3. d4 cxd4 4. Nxd4 Nf6 5. Nc3 a6 6. Bc4 e6 7. Bb3 b5 8. f4 Be7 9. e5 dxe5 10. fxe5 Nfd7 11. Bf4 Nc5 12. Qd2 Bb7 13. 0-0-0 Nc6 14. Qe3 Qb6 15. Nf3 Nxb3+ 16. axb3 Qxe3+ 17. Bxe3 Nb4 18. Rhe1 Rc8 19. Re2 Nd5 20. Bd2 Nxc3 21. bxc3 0-0 22. Be1 Rfd8 23. Rxd8+ Bxd8 24. Kb2 Bc7 25. Bh4 Kf8 26. Ne1 Ba5 27. b4 Bb6 28. Bf2 Bxf2 29. Rxf2 Rc4 30. Nd3 Ke7 31. Nc5 Bd5 32. Nd3 h5 33. g3 h4 34. Rf4 hxg3 35. hxg3 Rc8 36. Rg4 g6 37. Rh4 Ra8 38. Nf4 Bf3 39. Rh7 Be4 40. Nh3 g5 41. Rh6 g4 42. Nf4 Rd8 43. Kc1 a5 44. bxa5 Ra8 45. Nh5 Rxa5 46. Nf6 Bc6 47. Rh8 b4 48. Ng8+ Kd7 49. Nf6+ Kc7 50. cxb4 Rxe5 51. Kd2 Rf5 52. Nxg4 Rg5 53. Ne3 Rxg3 54. Rh7 Rf3 55. c4 Kd6 56. Kd3 f5 57. c5+ Ke5 58. Ke2 Rf4 59. Kd3 Rxb4 60. Rc7 Be4+ 61. Kd2 0-1

[Event "Ortega op 5th"]
[Site "Ortega"]
[Date "2015.06.13"]
[Round "3"]
[White "Arango, Andres Mauricio"]
[Black "Sanz Alonso, Francisco Javier"]
[Result "0-1"]
[WhiteElo "2092"]
[BlackElo "2378"]
[PlyCount "122"]
[EventDate "2015.06.12"]
[EventType "swiss"]
[EventRounds "7"]
[EventCountry "COL"]
[SourceTitle "CBM 167 Extra"]
[Source "ChessBase"]
[SourceDate "2015.09.14"]
[SourceVersion "1"]
[SourceVersionDate "2015.09.14"]
[SourceQuality "1"]

1. e4 c5 2. Nc3 Nc6 3. Nge2 e6 4. d4 cxd4 5. Nxd4 Qc7 6. Be3 a6 7. f4 b5 8. a3 Bb7 9. Qf3 Nf6 10. Bd3 Nxd4 11. Bxd4 Bc5 12. Bxc5 Qxc5 13. Qf2 Qxf2+ 14. Kxf2 d6 15. Rhe1 Ke7 16. e5 dxe5 17. fxe5 Nd7 18. Re3 Rac8 19. Rae1 Rc5 20. Nb1 Nb6 21. Nd2 Rd8 22. b3 Rd4 23. Nf3 Rd8 24. h4 h6 25. h5 Rc3 26. Be4 Rxe3 27. Rxe3 Bxe4 28. Rxe4 Rc8 29. Nd4 Nd5 30. Ke1 Rc3 31. Rg4 Kf8 32. Kd2 Rc5 33. Nf3 Nb6 34. Rd4 Nd5 35. Ne1 Ke7 36. Nd3 Rc8 37. Rg4 Rxc2+ 38. Kxc2 Ne3+ 39. Kc3 Nxg4 40. Kd4 f6 41. exf6+ gxf6 42. Nc5 f5 43. Nxa6 Kd6 44. a4 e5+ 45. Kd3 bxa4 46. bxa4 Nf6 47. a5 Nxh5 48. Ke3 Nf4 49. g3 Nd5+ 50. Kd3 Ne7 51. Nb4 Nc6 52. Nc2 Nxa5 53. Ne3 Ke6 54. g4 e4+ 55. Ke2 f4 56. Nf5 Ke5 57. Nxh6 f3+ 58. Kf2 Kf4 59. Nf5 Nc4 60. Nd4 e3+ 61. Ke1 Nd2 0-1

[Event "COL-chT Cup"]
[Site "Bogota"]
[Date "2015.06.07"]
[Round "4.1"]
[White "Sanz Alonso, Francisco Javier"]
[Black "Martinez Romero, Martin"]
[Result "0-1"]
[WhiteElo "2378"]
[BlackElo "2409"]
[PlyCount "25"]
[EventDate "2015.06.06"]
[EventType "team-swiss"]
[EventRounds "6"]
[EventCountry "COL"]
[SourceTitle "CBM 166 Extra"]
[Source "ChessBase"]
[SourceDate "2015.06.18"]
[SourceVersion "1"]
[SourceVersionDate "2015.06.18"]
[SourceQuality "1"]
[WhiteTeam "Bogota Sicoopweb"]
[BlackTeam "Meta www.reinosdelajedrez"]
[WhiteTeamCountry "COL"]
[BlackTeamCountry "COL"]

1. e4 c5 2. Nf3 d6 3. d4 cxd4 4. Nxd4 Nf6 5. Nc3 Nc6 6. Bc4 Bd7 7. Bg5 Qa5 8. Bxf6 gxf6 9. Nxc6 bxc6 10. Qd2 Qh5 11. 0-0 Bh6 12. f4 Qc5+ 13. Qe3 0-1

[Event "Bogota Navidad op"]
[Site "Bogota"]
[Date "2014.12.07"]
[Round "7"]
[White "Sanz Alonso, Francisco Javier"]
[Black "Gonzalez Vidal, Yuri"]
[Result "0-1"]
[WhiteElo "2368"]
[BlackElo "2560"]
[PlyCount "56"]
[EventDate "2014.12.04"]
[EventType "swiss"]
[EventRounds "9"]
[EventCountry "COL"]
[SourceTitle "CBM 163 Extra"]
[Source "ChessBase"]
[SourceDate "2014.12.23"]
[SourceVersion "1"]
[SourceVersionDate "2014.12.23"]
[SourceQuality "1"]

1. e4 e5 2. Nf3 Nc6 3. Bb5 a6 4. Ba4 Nf6 5. 0-0 Be7 6. Re1 b5 7. Bb3 d6 8. c3 0-0 9. h3 h6 10. d4 Re8 11. Nbd2 Bf8 12. Nf1 Bb7 13. Ng3 Na5 14. Bc2 Nc4 15. b3 Nb6 16. a4 d5 17. dxe5 Nxe4 18. axb5 axb5 19. Rxa8 Qxa8 20. Qd3 b4 21. c4 dxc4 22. bxc4 Rd8 23. Nd4 Rxd4 24. Qxd4 Bc5 25. Qd3 Bxf2+ 26. Kf1 Bxg3 27. Rd1 Bh4 28. Kg1 Qe8 0-1

[Event "COL-chT"]
[Site "Villavicencio"]
[Date "2014.08.17"]
[Round "4.1"]
[White "Sanz Alonso, Francisco Javier"]
[Black "Garavito, Miguel Angel"]
[Result "1/2-1/2"]
[WhiteElo "2345"]
[BlackElo "2237"]
[PlyCount "53"]
[EventDate "2014.08.15"]
[EventType "team-swiss"]
[EventRounds "6"]
[EventCountry "COL"]
[SourceTitle "EXT 2015"]
[Source "ChessBase"]
[SourceDate "2014.11.20"]
[SourceVersion "1"]
[SourceVersionDate "2014.11.20"]
[SourceQuality "1"]
[WhiteTeam "Bogota Sicoopwep"]
[BlackTeam "Tolima"]
[WhiteTeamCountry "COL"]
[BlackTeamCountry "COL"]

1. e4 g6 2. d4 Bg7 3. Nf3 d6 4. Nc3 c6 5. a4 a5 6. h3 Qc7 7. Bc4 b6 8. 0-0 Ba6 9. Qe2 e5 10. dxe5 dxe5 11. b3 Nf6 12. Ba3 Bf8 13. Bxf8 Kxf8 14. Rad1 Kg7 15. Rd2 Bxc4 16. Qxc4 Na6 17. Rfd1 Nc5 18. Rd6 Rhe8 19. Qe2 h6 20. R6d2 Ne6 21. Qe3 Red8 22. Rxd8 Rxd8 23. Rxd8 Nxd8 24. Nb1 Ne6 25. Nbd2 Nd7 26. Nh2 Qd6 27. Nhf3 1/2-1/2

[Event "Bogota El Nogal 1st"]
[Site "Bogota"]
[Date "2014.06.04"]
[Round "6"]
[White "Rivera, Alberto"]
[Black "Sanz Alonso, Francisco Javier"]
[Result "1/2-1/2"]
[WhiteElo "2315"]
[BlackElo "2350"]
[PlyCount "35"]
[EventDate "2014.05.31"]
[EventType "tourn"]
[EventRounds "7"]
[EventCountry "COL"]
[EventCategory "2"]
[SourceTitle "EXT 2015"]
[Source "ChessBase"]
[SourceDate "2014.11.20"]
[SourceVersion "1"]
[SourceVersionDate "2014.11.20"]
[SourceQuality "1"]

1. d4 Nf6 2. Nf3 e6 3. c4 d5 4. Nc3 Be7 5. Bg5 0-0 6. e3 h6 7. Bh4 b6 8. Rc1 Bb7 9. cxd5 Nxd5 10. Bxe7 Qxe7 11. Be2 Nxc3 12. Rxc3 Rc8 13. 0-0 Nd7 14. Qa4 a6 15. Rfc1 c5 16. Qa3 Kf8 17. dxc5 Rxc5 18. Rxc5 1/2-1/2

[Event "Bogota La Florida op"]
[Site "Bogota"]
[Date "2014.02.01"]
[Round "4"]
[White "Sanz Alonso, Francisco Javier"]
[Black "Gutierrez Herrera, Jose Antonio"]
[Result "0-1"]
[WhiteElo "2351"]
[BlackElo "2142"]
[PlyCount "76"]
[EventDate "2014.01.31"]
[EventType "swiss"]
[EventRounds "6"]
[EventCountry "COL"]
[SourceTitle "CBM 158 Extra"]
[Source "ChessBase"]
[SourceDate "2014.02.28"]
[SourceVersion "1"]
[SourceVersionDate "2014.02.28"]
[SourceQuality "1"]

1. e4 c5 2. Nf3 g6 3. d4 Bg7 4. dxc5 Qa5+ 5. Nc3 Bxc3+ 6. bxc3 Qxc3+ 7. Bd2 Qxc5 8. Bd3 Nf6 9. 0-0 0-0 10. e5 Ne8 11. Rb1 Qc7 12. Qe2 Nc6 13. Rfe1 d6 14. exd6 Nxd6 15. Ne5 Nd4 16. Qe3 Nxc2 17. Bxc2 Qxc2 18. Rbc1 Qxa2 19. Rc7 Be6 20. g4 Rfe8 21. Qh6 Rac8 22. Rc3 Rxc3 23. Bxc3 f6 24. Nxg6 Qc4 25. Nf4 Nf7 26. Qh3 Qxf4 27. Rxe6 Ng5 28. Qh5 Rd8 29. Rxe7 Rd1+ 30. Be1 Rxe1+ 31. Rxe1 Nf3+ 32. Kf1 Qc4+ 33. Re2 Nd2+ 34. Kg2 Qxe2 35. Qd5+ Kf8 36. Qd8+ Kg7 37. Qd7+ Kh6 38. g5+ fxg5 0-1

[Event "Bogota McGregor op 4th"]
[Site "Bogota"]
[Date "2013.12.04"]
[Round "1"]
[White "Sanz Alonso, Francisco Javier"]
[Black "Bruzon Batista, Lazaro"]
[Result "1-0"]
[WhiteElo "2355"]
[BlackElo "2677"]
[PlyCount "80"]
[EventDate "2013.12.04"]
[EventType "swiss"]
[EventRounds "9"]
[EventCountry "COL"]
[SourceTitle "CBM 157 Extra"]
[Source "ChessBase"]
[SourceDate "2013.12.19"]
[SourceVersion "1"]
[SourceVersionDate "2013.12.19"]
[SourceQuality "1"]

1. e4 c5 2. Nf3 e6 3. d4 cxd4 4. Nxd4 a6 5. Bd3 Bc5 6. Nb3 Be7 7. 0-0 d6 8. Nc3 Nf6 9. Qe2 Nc6 10. a4 b6 11. Bd2 Ne5 12. f4 Nxd3 13. cxd3 0-0 14. d4 Bb7 15. e5 Ne8 16. Rae1 Rc8 17. Be3 Nc7 18. Nd2 dxe5 19. dxe5 Nd5 20. Nde4 Qc7 21. Rc1 Nxe3 22. Qxe3 Qc6 23. Qg3 Kh8 24. f5 exf5 25. Nd6 Bxd6 26. exd6 Rfd8 27. Rxf5 f6 28. Rd1 Qc4 29. Qf2 Qb3 30. Rxf6 Kg8 31. d7 Qxd1+ 32. Nxd1 Rxd7 33. Nc3 gxf6 34. Qxf6 Re8 35. g3 Re1+ 36. Kf2 Rh1 37. Qg5+ Kf8 38. Qh6+ Kg8 39. Qg5+ Kf8 40. Qh6+ Kg8 1-0

[Event "Bogota University op 7th"]
[Site "Bogota"]
[Date "2013.10.12"]
[Round "5"]
[White "Sanz Alonso, Francisco Javier"]
[Black "Martinez Zuluaica, Julian"]
[Result "1/2-1/2"]
[WhiteElo "2351"]
[BlackElo "2189"]
[PlyCount "83"]
[EventDate "2013.10.10"]
[EventType "swiss"]
[EventRounds "9"]
[EventCountry "COL"]
[SourceTitle "CBM 156 Extra"]
[Source "ChessBase"]
[SourceDate "2013.10.22"]
[SourceVersion "1"]
[SourceVersionDate "2013.10.22"]
[SourceQuality "1"]

1. e4 e5 2. Nf3 Nc6 3. Bb5 Nf6 4. d3 Bc5 5. 0-0 d6 6. c3 0-0 7. h3 a6 8. Ba4 b5 9. Bb3 d5 10. exd5 Nxd5 11. Nxe5 Nxe5 12. d4 Ng6 13. dxc5 Ndf4 14. Qxd8 Rxd8 15. Bxf4 Nxf4 16. Re1 Kf8 17. a4 Bb7 18. axb5 axb5 19. Rxa8 Rxa8 20. Rd1 Bc6 21. Na3 Ne2+ 22. Kh2 Nxc3 23. Rd4 Ne4 24. Nxb5 Nxc5 25. Nxc7 Nxb3 26. Rd6 Ra2 27. Rxc6 Nd2 28. b4 Rb2 29. b5 Ke7 30. Nd5+ Kd7 31. Rc7+ Kd6 32. Rxf7 Kxd5 33. Rxg7 h5 34. Rg5+ Kd4 35. Rxh5 Nf1+ 36. Kg1 Rb1 37. Rh4+ Kd3 38. g4 Ne3+ 39. Kh2 Ke2 40. g5 Kf3 41. fxe3 Rb2+ 42. Kg1 1/2-1/2

[Event "Bogota McGregor op 3rd"]
[Site "Bogota"]
[Date "2012.12.15"]
[Round "7"]
[White "Sanz Alonso, Francisco Javier"]
[Black "Corredor Rengifo, Luis Fernando"]
[Result "1-0"]
[WhiteElo "2363"]
[BlackElo "1940"]
[PlyCount "65"]
[EventDate "2012.12.12"]
[EventType "swiss"]
[EventRounds "9"]
[EventCountry "COL"]
[SourceTitle "EXT 2014"]
[Source "ChessBase"]
[SourceDate "2013.11.20"]
[SourceVersion "1"]
[SourceVersionDate "2013.11.20"]
[SourceQuality "1"]

1. e4 c5 2. Nf3 Nc6 3. d4 cxd4 4. Nxd4 Nf6 5. Nc3 d6 6. Be2 g6 7. 0-0 Bg7 8. Nb3 0-0 9. Bg5 Be6 10. Re1 Rc8 11. Bf1 Na5 12. Nd4 Bc4 13. Nd5 Bxd5 14. exd5 Qb6 15. Nb3 Rfe8 16. Be3 Qc7 17. Nxa5 Qxa5 18. c4 b5 19. cxb5 Rc7 20. a3 Rcc8 21. b4 Qc7 22. Rc1 Qd7 23. Rc6 Ng4 24. Bxa7 Be5 25. h3 Bh2+ 26. Kh1 Rxc6 27. bxc6 Qxa7 28. hxg4 Be5 29. Qf3 e6 30. Rxe5 dxe5 31. d6 Qb8 32. c7 Qc8 33. Qc6 1-0

[Event "Bogota op 10"]
[Site "Bogota"]
[Date "2012.10.18"]
[Round "8"]
[White "Sanz Alonso, Francisco Javier"]
[Black "Lozano Ramirez, Nestor Favian"]
[Result "1/2-1/2"]
[WhiteElo "2373"]
[BlackElo "1991"]
[PlyCount "87"]
[EventDate "2012.10.11"]
[EventType "swiss"]
[EventRounds "9"]
[EventCountry "COL"]
[SourceTitle "EXT 2013"]
[Source "ChessBase"]
[SourceDate "2012.11.22"]
[SourceVersion "1"]
[SourceVersionDate "2012.11.22"]
[SourceQuality "1"]

1. e4 g6 2. d4 Bg7 3. Nc3 c5 4. Nf3 cxd4 5. Nxd4 Nc6 6. Be3 Nf6 7. Bc4 Qa5 8. 0-0 0-0 9. Nb3 Qc7 10. Be2 d6 11. f4 b6 12. Bf3 Bb7 13. Re1 Rac8 14. Qd2 Na5 15. Nxa5 bxa5 16. Qf2 a4 17. Bxa7 a3 18. Nb5 Qxc2 19. Nxa3 Qxf2+ 20. Bxf2 Bxe4 21. Bd1 d5 22. Bd4 Nh5 23. Bxg7 Nxg7 24. Nb5 Ne6 25. Nc3 Nc5 26. Nxe4 Nxe4 27. b4 Rb8 28. a3 Rfc8 29. Bb3 e6 30. Rac1 Nd2 31. Ba2 Kf8 32. Kf2 Ne4+ 33. Ke3 Ke7 34. Bb1 f5 35. Bd3 Kd6 36. Kd4 g5 37. g3 gxf4 38. gxf4 Nd2 39. Ke3 Ne4 40. Kd4 Nd2 41. Ke3 Ne4 42. Kd4 Ra8 43. Rxc8 Rxc8 44. a4 1/2-1/2

[Event "Bogota op 10"]
[Site "Bogota"]
[Date "2012.10.17"]
[Round "7"]
[White "Garcia Alarcon, Alvaro"]
[Black "Sanz Alonso, Francisco Javier"]
[Result "1/2-1/2"]
[WhiteElo "2198"]
[BlackElo "2373"]
[PlyCount "101"]
[EventDate "2012.10.11"]
[EventType "swiss"]
[EventRounds "9"]
[EventCountry "COL"]
[SourceTitle "EXT 2013"]
[Source "ChessBase"]
[SourceDate "2012.11.22"]
[SourceVersion "1"]
[SourceVersionDate "2012.11.22"]
[SourceQuality "1"]

1. d4 f5 2. c4 Nf6 3. g3 g6 4. Bg2 Bg7 5. Nc3 d6 6. Nf3 0-0 7. h4 c6 8. Bf4 Qa5 9. Qd2 Nbd7 10. Bh6 Ne4 11. Nxe4 Qxd2+ 12. Nexd2 Bxh6 13. h5 Bg7 14. 0-0-0 Nf6 15. hxg6 hxg6 16. e3 Bd7 17. Ng5 Ng4 18. Rdf1 e5 19. dxe5 dxe5 20. Bf3 Bh6 21. Bxg4 Bxg5 22. Be2 Bf6 23. g4 fxg4 24. Rfg1 Kg7 25. Bxg4 Be8 26. Rh2 Rh8 27. Rxh8 Kxh8 28. Ne4 Be7 29. Be6 Rd8 30. Kc2 Kg7 31. a3 b5 32. Rd1 Rxd1 33. Kxd1 Kf8 34. Kd2 Bh4 35. Kc3 Ke7 36. Bg4 a5 37. b4 a4 38. Be2 Bd7 39. Kd2 bxc4 40. Bxc4 Bf5 41. Ng3 Kd6 42. Bd3 c5 43. Bxf5 Bxg3 44. bxc5+ Kxc5 45. fxg3 gxf5 46. Kd3 Kd5 47. e4+ fxe4+ 48. Ke3 Ke6 49. Kxe4 Kf6 50. g4 Kg5 51. Kd3 1/2-1/2

[Event "Cartagena IRT op 4th"]
[Site "Cartagena"]
[Date "2012.06.18"]
[Round "8"]
[White "Sanz Alonso, Francisco Javier"]
[Black "Heredia Serrano, Carla Sofia"]
[Result "1/2-1/2"]
[WhiteElo "2381"]
[BlackElo "2167"]
[PlyCount "101"]
[EventDate "2012.06.14"]
[EventType "swiss"]
[EventRounds "9"]
[EventCountry "COL"]
[SourceTitle "CBM 148 Extra"]
[Source "ChessBase"]
[SourceDate "2012.06.22"]
[SourceVersion "1"]
[SourceVersionDate "2012.06.22"]
[SourceQuality "1"]

1. e4 c6 2. d4 d5 3. exd5 cxd5 4. c4 Nf6 5. Nc3 e6 6. Nf3 Nc6 7. cxd5 Nxd5 8. Bd3 Be7 9. 0-0 0-0 10. Re1 Nf6 11. a3 b6 12. Bc2 Bb7 13. Qd3 g6 14. Bh6 Re8 15. Rad1 Rc8 16. Bb3 Na5 17. Ba2 Nd5 18. Ne4 Bf8 19. Bxf8 Rxf8 20. Qd2 Qe7 21. Ne5 f6 22. b4 fxe5 23. bxa5 Nf4 24. dxe5 Bxe4 25. Rxe4 Rcd8 26. Qc2 Qg5 27. Rxf4 Rxd1+ 28. Qxd1 Qxf4 29. Qe1 Kf7 30. g3 Qd4 31. axb6 axb6 32. Qe2 Ke7 33. Kg2 Rd8 34. Bc4 Rc8 35. Ba6 Rc3 36. Bb7 Rxa3 37. h4 Ra7 38. Bf3 Ra5 39. h5 Qxe5 40. Qc2 Rc5 41. Qb1 Rb5 42. Qa2 gxh5 43. Qa7+ Kf6 44. Qxh7 Rc5 45. Qh8+ Ke7 46. Qh7+ Kf6 47. Qh8+ Ke7 48. Qh7+ Kd6 49. Qd3+ Kc7 50. Qh7+ Kd6 51. Qd3+ 1/2-1/2

[Event "Cartagena IRT op 4th"]
[Site "Cartagena"]
[Date "2012.06.18"]
[Round "9"]
[White "Sanz Alonso, Francisco Javier"]
[Black "Saladen Dulce, Rafael"]
[Result "1-0"]
[WhiteElo "2381"]
[BlackElo "2201"]
[PlyCount "87"]
[EventDate "2012.06.14"]
[EventType "swiss"]
[EventRounds "9"]
[EventCountry "COL"]
[SourceTitle "CBM 148 Extra"]
[Source "ChessBase"]
[SourceDate "2012.06.22"]
[SourceVersion "1"]
[SourceVersionDate "2012.06.22"]
[SourceQuality "1"]

1. e4 c5 2. Nf3 d6 3. d4 cxd4 4. Nxd4 Nf6 5. Nc3 Nc6 6. Bg5 e6 7. Be2 Be7 8. 0-0 0-0 9. Qd2 a6 10. Rad1 Bd7 11. Nb3 b5 12. a3 Qb6 13. Be3 Qc7 14. f4 Rfd8 15. Bf3 Rac8 16. Qf2 Rb8 17. g4 b4 18. axb4 Nxb4 19. g5 Ne8 20. Kh1 Nxc2 21. Qxc2 Ba4 22. Rc1 Bxb3 23. Qf2 Qb7 24. Qh4 Nc7 25. f5 Nb5 26. Ne2 exf5 27. Ng3 g6 28. exf5 Bd5 29. Bxd5 Qxd5+ 30. Kg1 Qd3 31. Rce1 d5 32. fxg6 Qxg6 33. Nf5 Bf8 34. Kh1 d4 35. Nxd4 Nxd4 36. Bxd4 Rb4 37. Rf6 Qd3 38. g6 fxg6 39. Rf7 g5 40. Qxg5+ Qg6 41. Rg7+ Bxg7 42. Qxd8+ Bf8 43. Qd5+ Qf7 44. Rg1+ 1-0